<?xml version="1.0" encoding="UTF-8"?>
<record
    xmlns:xsi="http://www.w3.org/2001/XMLSchema-instance"
    xsi:schemaLocation="http://www.loc.gov/MARC21/slim http://www.loc.gov/standards/marcxml/schema/MARC21slim.xsd"
    xmlns="http://www.loc.gov/MARC21/slim">

  <leader>03680nam a2200517Ia 4500</leader>
  <controlfield tag="001">1245</controlfield>
  <controlfield tag="008">241029s9999    xx            000 0 und d</controlfield>
  <datafield tag="010" ind1=" " ind2=" ">
    <subfield code="a">1152</subfield>
  </datafield>
  <datafield tag="041" ind1=" " ind2=" ">
    <subfield code="a">Espa&#xF1;ol</subfield>
  </datafield>
  <datafield tag="082" ind1=" " ind2=" ">
    <subfield code="a">RSTA MAPE 2001-35</subfield>
  </datafield>
  <datafield tag="245" ind1=" " ind2="0">
    <subfield code="a">Apoyo al fortalecimiento t&#xE9;cnico-institucional de la direcci&#xF3;n de proyectos, como unidad t&#xE9;cnico-asesora de la Oficina de Planificaci&#xF3;n Educativa de la Secretar&#xED;a de Estado de Educaci&#xF3;n</subfield>
  </datafield>
  <datafield tag="260" ind1=" " ind2=" ">
    <subfield code="a">Santo Domingo</subfield>
  </datafield>
  <datafield tag="300" ind1=" " ind2=" ">
    <subfield code="a">32</subfield>
  </datafield>
  <datafield tag="520" ind1=" " ind2=" ">
    <subfield code="a">36</subfield>
  </datafield>
  <datafield tag="630" ind1=" " ind2=" ">
    <subfield code="a">Planificaci&#xF3;n Educativa</subfield>
  </datafield>
  <datafield tag="650" ind1=" " ind2=" ">
    <subfield code="a">Administraci&#xF3;n de la Educaci&#xF3;n</subfield>
  </datafield>
  <datafield tag="690" ind1=" " ind2=" ">
    <subfield code="a">Sintetizado</subfield>
  </datafield>
  <datafield tag="700" ind1=" " ind2=" ">
    <subfield code="e">asesor</subfield>
    <subfield code="a">No, Aplica</subfield>
  </datafield>
  <datafield tag="700" ind1=" " ind2=" ">
    <subfield code="e">autor</subfield>
    <subfield code="a"> Zayas Ram&#xED;rez, Julio C&#xE9;sar</subfield>
  </datafield>
  <datafield tag="901" ind1=" " ind2=" ">
    <subfield code="a">{"1":" Zayas Ram&#xED;rez"}</subfield>
    <subfield code="b">{"1":"Julio C&#xE9;sar"}</subfield>
  </datafield>
  <datafield tag="902" ind1=" " ind2=" ">
    <subfield code="a">1</subfield>
  </datafield>
  <datafield tag="903" ind1=" " ind2=" ">
    <subfield code="a">{"1":"No"}</subfield>
    <subfield code="b">{"1":"Aplica"}</subfield>
  </datafield>
  <datafield tag="904" ind1=" " ind2=" ">
    <subfield code="a">Maestr&#xED;a en</subfield>
  </datafield>
  <datafield tag="905" ind1=" " ind2=" ">
    <subfield code="a">Administraci&#xF3;n y Planificaci&#xF3;n de la Educaci&#xF3;n</subfield>
  </datafield>
  <datafield tag="906" ind1=" " ind2=" ">
    <subfield code="a">2</subfield>
  </datafield>
  <datafield tag="907" ind1=" " ind2=" ">
    <subfield code="a">NO APLICA</subfield>
  </datafield>
  <datafield tag="908" ind1=" " ind2=" ">
    <subfield code="a">NO APLICA</subfield>
  </datafield>
  <datafield tag="909" ind1=" " ind2=" ">
    <subfield code="a">Pontificia Universidad Cat&#xF3;lica Madre y Maestra (PUCMM), Recinto Santiago</subfield>
  </datafield>
  <datafield tag="910" ind1=" " ind2=" ">
    <subfield code="a">NULL</subfield>
    <subfield code="b">NULL</subfield>
  </datafield>
  <datafield tag="911" ind1=" " ind2=" ">
    <subfield code="a">["1"]</subfield>
  </datafield>
  <datafield tag="912" ind1=" " ind2=" ">
    <subfield code="a">NO APLICA</subfield>
  </datafield>
  <datafield tag="913" ind1=" " ind2=" ">
    <subfield code="a">NULL</subfield>
  </datafield>
  <datafield tag="914" ind1=" " ind2=" ">
    <subfield code="a">08 de Enero de 2001</subfield>
  </datafield>
  <datafield tag="915" ind1=" " ind2=" ">
    <subfield code="a">12/06/15 01:06</subfield>
  </datafield>
  <datafield tag="916" ind1=" " ind2=" ">
    <subfield code="a">NULL</subfield>
  </datafield>
  <datafield tag="917" ind1=" " ind2=" ">
    <subfield code="a">NULL</subfield>
  </datafield>
  <datafield tag="918" ind1=" " ind2=" ">
    <subfield code="a">NO APLICA</subfield>
  </datafield>
  <datafield tag="919" ind1=" " ind2=" ">
    <subfield code="a">["161"]</subfield>
  </datafield>
  <datafield tag="520" ind1=" " ind2=" ">
    <subfield code="a">La presente investigaci&#xF3;n es una propuesta de intervenci&#xF3;n, que pretende resolver algunos problemas de la Direcci&#xF3;n de Proyectos de la Oficina de Planificaci&#xF3;n Educativa de la Secretar&#xED;a de Estado de Educaci&#xF3;n (SEE). Esta problem&#xE1;tica, que afecta no s&#xF3;lo la estructura org&#xE1;nica de la Direcci&#xF3;n de Proyectos sino, sobre todo, su rol dentro del Sistema Educativo Oficial, tambi&#xE9;n es parte de otra problem&#xE1;tica general que envuelve a la Oficina de Planificaci&#xF3;n Educativa. En esta problem&#xE1;tica hay dos facetas importantes que son el rol t&#xE9;cnico y la funci&#xF3;n pol&#xED;tica de la Oficina de Planificaci&#xF3;n Educativa ante la toma de decisiones de las principales autoridades de educaci&#xF3;n.El rol t&#xE9;cnico tiene que ver con la calidad profesional del personal que integra la oficina, con el dominio te&#xF3;rico y pr&#xE1;ctico de las disciplinas, metodolog&#xED;as y t&#xE9;cnica de planificaci&#xF3;n.La funci&#xF3;n pol&#xED;tica abarca dos vertientes: una tiene que ver con las pol&#xED;ticas educativas y la otra con la asesor&#xED;a para la toma de decisiones y que involucra el presentar y argumentar propuestas, evaluar decisiones y resultados de decisiones tomadas y ejecutadas y el de reelaborar nuevas propuestas a partir de los estudios y an&#xE1;lisis hechos. La unidad de Proyectos pertenece a la Oficina de Planificaci&#xF3;n Educativa.La Direcci&#xF3;n de Proyectos y B&#xFA;squeda de Fondos, es un &#xF3;rgano de car&#xE1;cter t&#xE9;cnico asesor, responsable de asesorar la formulaci&#xF3;n y ejecuci&#xF3;n de planes, programas y proyectos de desarrollo del sector educativo. Mediante Orden Departamental No. 5?91 de 1991, el Departamento de Planes y Proyectos pas&#xF3; a ser Direcci&#xF3;n con dos departamentos, uno responsable de la formulaci&#xF3;n de los proyectos y la b&#xFA;squeda de fondos (esta &#xFA;ltima funci&#xF3;n ya desaparecida) y el otro, del seguimiento y monitoreo de proyectos. Las funciones propias de la Direcci&#xF3;n de Proyectos giran en torno a tres aspectos b&#xE1;sicos: la formulaci&#xF3;n de proyectos, negociaci&#xF3;n/financiamiento y evaluaci&#xF3;n de Proyectos. La Direcci&#xF3;n de Proyectos y B&#xFA;squeda de Fondos, es un &#xF3;rgano de car&#xE1;cter t&#xE9;cnico asesor responsable de asesorar la formulaci&#xF3;n y ejecuci&#xF3;n de planes, programas y proyectos de desarrollo del sector educativo.</subfield>
  </datafield>
  <datafield tag="921" ind1=" " ind2=" ">
    <subfield code="a">11</subfield>
  </datafield>
  <datafield tag="922" ind1=" " ind2=" ">
    <subfield code="a">11</subfield>
  </datafield>
  <datafield tag="923" ind1=" " ind2=" ">
    <subfield code="a">0</subfield>
  </datafield>
  <datafield tag="924" ind1=" " ind2=" ">
    <subfield code="a">NO APLICA</subfield>
  </datafield>
  <datafield tag="942" ind1=" " ind2=" ">
    <subfield code="c">Tesis</subfield>
  </datafield>
  <datafield tag="999" ind1=" " ind2=" ">
    <subfield code="c">1152</subfield>
    <subfield code="d">1152</subfield>
  </datafield>
</record>
